[Event "Erbil Khanzad Cup 10th"]
[Site "Erbil"]
[Date "2018.04.19"]
[Round "3"]
[White "Mazn, Bayad Abdulqader"]
[Black "Taslimi, Borsa"]
[Result "1/2-1/2"]
[WhiteElo "1851"]
[BlackElo "1952"]
[PlyCount "33"]
[EventDate "2018.04.18"]
[EventType "swiss"]
[EventRounds "9"]
[EventCountry "IRQ"]
[SourceTitle "CBM 184 Extra"]
[Source "ChessBase"]
[SourceDate "2018.06.28"]
[SourceVersion "1"]
[SourceVersionDate "2018.06.28"]
[SourceQuality "1"]

1. e4 c5 2. Nf3 e6 3. d3 d5 4. Nbd2 Nc6 5. g3 Nf6 6. Bg2 Be7 7. 0-0 0-0 8. Re1 dxe4 9. Nxe4 Nxe4 10. Rxe4 f5 11. Re1 Bf6 12. h4 e5 13. Ng5 g6 14. c3 Kg7 15. Qd2 Bxg5 16. Qxg5 Qxg5 17. Bxg5 1/2-1/2

[Event "IRQ-chT 30th"]
[Site "Baghdad"]
[Date "2018.03.23"]
[Round "11"]
[White "Gholami, Aryan"]
[Black "Mazn, Bayad Abdulqader"]
[Result "1-0"]
[WhiteElo "2473"]
[BlackElo "1834"]
[PlyCount "51"]
[EventDate "2018.03.08"]
[EventType "team-swiss"]
[EventRounds "13"]
[EventCountry "IRQ"]
[SourceTitle "CBM 183 Extra"]
[Source "ChessBase"]
[SourceDate "2018.04.19"]
[SourceVersion "1"]
[SourceVersionDate "2018.04.19"]
[SourceQuality "1"]

1. Nf3 Nc6 2. c4 g6 3. d4 d6 4. d5 Nb8 5. g3 Bg7 6. Bg2 Nf6 7. Nc3 0-0 8. 0-0 Nbd7 9. Nd4 Nb6 10. b3 e5 11. dxe6 fxe6 12. Ba3 Rf7 13. Qd2 c6 14. Bh3 Re7 15. Nf3 e5 16. Qxd6 Qxd6 17. Bxd6 Bxh3 18. Bxe7 Bxf1 19. Rxf1 Re8 20. Bxf6 Bxf6 21. Ne4 Bg7 22. Rd1 Kf8 23. Nc5 Bf6 24. Nxb7 e4 25. Nd4 e3 26. Nxc6 1-0